Sports Quiz

Random Sports or NCAA Quiz

2011 NCAA Tournament Quiz Stats

 Plays Quiz not verified by Sporcle

Score 0/17 Timer 10:00
0 Plays Today
% Correct
Kentucky
66.7%
VCU
55.6%
Butler
55.6%
Florida
55.6%
Kansas
55.6%
Connecticut
55.6%
Florida State
33.3%
Arizona
33.3%
Syracuse
33.3%
% Correct
Temple
22.2%
Cincinnati
22.2%
Richmond
11.1%
Morehead State
0%
Hampton
0%
Akron
0%
Indiana State
0%
Old Dominion
0%

You're not logged in!

Compare scores with friends on all Sporcle quizzes.
OR
Log In

Show Comments

Extras

Created Feb 15, 2012ReportNominate
Tags:NCAA Quiz, 2011, team, tournament

Top Quizzes Today


Score Distribution

Your Account Isn't Verified!

In order to create a playlist on Sporcle, you need to verify the email address you used during registration. Go to your Sporcle Settings to finish the process.

Report this User

Report this user for behavior that violates our Community Guidelines.

Details: